[Event "Is Bankasi Online Satranc Turn 17-18 YAS"]
[Site "T#646243Mustafa Kemal"]
[Date "2020.05.22"]
[Round "9"]
[White "tunaonatnalban08"]
[Black "Dogukangureke78"]
[Result "1-0"]
[WhiteElo "2041"]
[BlackElo "1833"]
[Annotator "NA RC"]
[PlyCount "97"]
[EventDate "2020.05.22"]
[EventType "swiss (blitz)"]

1. c4 {[%emt 0:00:06]} e6 {[%emt 0:00:04]} 2. g3 {[%emt 0:00:04]} Nf6 {[%emt 0:00:01]} 3. Bg2 {[%emt 0:00:02]} d5 {[%emt 0:00:02]} 4. Nc3 {[%emt 0:00:03]} Be7 {[%emt 0:00:01]} 5. Nf3 {[%emt 0:00:03]} O-O {[%emt 0:00:01]} 6. d4 {[%emt 0:00:02]} dxc4 {[%emt 0:00:09]} 7. Ne5 {[%emt 0:00:07]} Nc6 {[%emt 0:00:04]} 8. Nxc6 {[%emt 0:00:07]} bxc6 {[%emt 0:00:00]} 9. O-O {[%emt 0:00:03]} Rb8 {[%emt 0:00:23]} 10. Bxc6 {[%emt 0:00:15]} Bb7 {[%emt 0:00:15]} 11. Bxb7 {[%emt 0:00:01]} Rxb7 {[%emt 0:00:00]} 12. e4 {[%emt 0:00:01]} c5 {[%emt 0:00:07]} 13. d5 {[%emt 0:00:25]} exd5 {[%emt 0:00:08]} 14. e5 {[%emt 0:00:07]} Ne4 {[%emt 0:00:23]} 15. Nxd5 {[%emt 0:00:06]} Rd7 {[%emt 0:00:26]} 16. Nxe7+ {[%emt 0:00:01]} Qxe7 {[%emt 0:00:01]} 17. Qc2 {[%emt 0:00:05]} Ng5 {[%emt 0:00:08]} 18. Bxg5 {[%emt 0:00:06]} Qxg5 {[%emt 0:00:03]} 19. f4 {[%emt 0:00:00]} Qg4 {[%emt 0:00:13]} 20. Rad1 {[%emt 0:00:05]} Rfd8 {[%emt 0:00:04]} 21. Rxd7 {[%emt 0:00:04]} Qxd7 {[%emt 0:00:02]} 22. Qxc4 {[%emt 0:00:06]} Qd2 {[%emt 0:00:18]} 23. Rf2 {[%emt 0:00:04]} Qd1+ {[%emt 0:00:06]} 24. Kg2 {[%emt 0:00:05]} Rd2 {[%emt 0:00:17]} 25. Qxc5 {[%emt 0:00:06]} Rxf2+ {[%emt 0:00:04]} 26. Qxf2 {[%emt 0:00:02]} Qa4 {[%emt 0:00:06]} 27. b3 {[%emt 0:00:06]} Qa5 {[%emt 0:00:02]} 28. Qe2 {[%emt 0:00:05]} g6 {[%emt 0:00:03]} 29. h4 {[%emt 0:00:05]} h5 {[%emt 0:00:03]} 30. Qc2 {[%emt 0:00:02]} Qd5+ {[%emt 0:00:03]} 31. Kh2 {[%emt 0:00:07]} Qf3 {[%emt 0:00:06]} 32. b4 {[%emt 0:00:03]} Qf1 {[%emt 0:00:07]} 33. a4 {[%emt 0:00:04]} Kg7 {[%emt 0:00:03]} 34. b5 {[%emt 0:00:04]} Qe1 {[%emt 0:00:05]} 35. Qb2 {[%emt 0:00:04]} Kh7 {[%emt 0:00:05]} 36. Qa2 {[%emt 0:00:07]} Kg7 {[%emt 0:00:04]} 37. a5 {[%emt 0:00:04]} Qb4 {[%emt 0:00:02]} 38. b6 {[%emt 0:00:03]} axb6 {[%emt 0:00:01]} 39. a6 {[%emt 0:00:00]} Qe4 {[%emt 0:00:03]} 40. a7 {[%emt 0:00:02]} Qa8 {[%emt 0:00:01]} 41. Qa6 {[%emt 0:00:04]} b5 {[%emt 0:00:01]} 42. Qb6 {[%emt 0:00:02]} b4 {[%emt 0:00:02]} 43. Qb8 {[%emt 0:00:04]} Qf3 {[%emt 0:00:02]} 44. a8=Q {[%emt 0:00:01]} Qf2+ {[%emt 0:00:03]} 45. Qg2 {[%emt 0:00:01]} Qxg2+ {[%emt 0:00:01]} 46. Kxg2 {[%emt 0:00:00]} b3 {[%emt 0:00:00]} 47. Qxb3 {[%emt 0:00:01]} Kh6 {[%emt 0:00:02]} 48. Qxf7 {[%emt 0:00:02]} g5 {[%emt 0:00:02]} 49. hxg5# {[%emt 0:00:27] (Lag: Av=0.57s, max=1.1s)} 1-0

[Event "Is Bankasi Online Satranc Turn 17-18 YAS"]
[Site "T#646243Mustafa Kemal"]
[Date "2020.05.22"]
[Round "9"]
[White "Kutayozkurt40"]
[Black "Umuterdemgundu70"]
[Result "0-1"]
[WhiteElo "1820"]
[BlackElo "1942"]
[Annotator "NA RC"]
[PlyCount "66"]
[EventDate "2020.05.22"]
[EventType "swiss (blitz)"]

1. e4 {[%emt 0:00:03]} c6 {[%emt 0:00:02]} 2. d4 {[%emt 0:00:03]} Na6 {[%emt 0:00:05]} 3. Nf3 {[%emt 0:00:04]} g6 {[%emt 0:00:01]} 4. Be3 {[%emt 0:00:05]} Bg7 {[%emt 0:00:02]} 5. Be2 {[%emt 0:00:07]} Nc7 {[%emt 0:00:13]} 6. O-O {[%emt 0:00:01]} d5 {[%emt 0:00:01]} 7. Nbd2 {[%emt 0:00:06]} Nh6 {[%emt 0:00:24]} 8. h3 {[%emt 0:00:10]} O-O {[%emt 0:00:06]} 9. exd5 {[%emt 0:00:05]} Nxd5 {[%emt 0:00:02]} 10. Bxh6 {[%emt 0:00:10]} Bxh6 {[%emt 0:00:00]} 11. c4 {[%emt 0:00:16]} Nf4 {[%emt 0:00:03]} 12. Ne4 {[%emt 0:00:08]} Bg7 {[%emt 0:00:14]} 13. Nc3 {[%emt 0:00:27]} Qb6 {[%emt 0:00:10]} 14. Qd2 {[%emt 0:00:05]} Nxe2+ {[%emt 0:00:54]} 15. Nxe2 {[%emt 0:00:00]} Rd8 {[%emt 0:00:11]} 16. Rad1 {[%emt 0:00:37]} a5 {[%emt 0:00:10]} 17. b3 {[%emt 0:00:08]} e5 {[%emt 0:00:14]} 18. Qe3 {[%emt 0:00:06]} exd4 {[%emt 0:00:03]} 19. Nexd4 {[%emt 0:00:03]} Bd7 {[%emt 0:00:06]} 20. Qf4 {[%emt 0:00:10]} a4 {[%emt 0:00:02]} 21. Qh4 {[%emt 0:00:22]} axb3 {[%emt 0:00:04]} 22. Nxb3 {[%emt 0:00:07]} h6 {[%emt 0:00:11]} 23. c5 {[%emt 0:00:04]} Qc7 {[%emt 0:00:01]} 24. a4 {[%emt 0:00:05]} Be6 {[%emt 0:00:01]} 25. Nbd4 {[%emt 0:00:02]} Bd5 {[%emt 0:00:01]} 26. Rfe1 {[%emt 0:00:09]} Re8 {[%emt 0:00:02]} 27. Qg3 {[%emt 0:00:05]} Qxg3 {[%emt 0:00:02]} 28. fxg3 {[%emt 0:00:00]} Rxe1+ {[%emt 0:00:05]} 29. Rxe1 {[%emt 0:00:01]} Bf8 {[%emt 0:00:01]} 30. Rb1 {[%emt 0:00:07]} Bxc5 {[%emt 0:00:02]} 31. Kh2 {[%emt 0:00:04]} Rxa4 {[%emt 0:00:02]} 32. Ne2 {[%emt 0:00:02]} Bxf3 {[%emt 0:00:04]} 33. gxf3 {[%emt 0:00:01]} Ra2 {[%emt 0:00:00] Kutayozkurt40 terk eder (Lag: Av=0.45s, max=0.6s)} 0-1

[Event "Is Bankasi Online Satranc Turn 17-18 YAS"]
[Site "T#646243Mustafa Kemal"]
[Date "2020.05.22"]
[Round "9"]
[White "keremerdal34"]
[Black "Omeramirakdag30"]
[Result "0-1"]
[WhiteElo "1782"]
[BlackElo "1895"]
[Annotator "NA RC"]
[PlyCount "62"]
[EventDate "2020.05.22"]
[EventType "swiss (blitz)"]

1. e4 {[%emt 0:00:02]} c5 {[%emt 0:00:01]} 2. c3 {[%emt 0:00:01]} Nf6 {[%emt 0:00:02]} 3. e5 {[%emt 0:00:01]} Nd5 {[%emt 0:00:02]} 4. d4 {[%emt 0:00:02]} cxd4 {[%emt 0:00:00]} 5. cxd4 {[%emt 0:00:01]} d6 {[%emt 0:00:01]} 6. exd6 {[%emt 0:00:02]} Qxd6 {[%emt 0:00:01]} 7. Nf3 {[%emt 0:00:01]} Nc6 {[%emt 0:00:06]} 8. Nc3 {[%emt 0:00:04]} Bg4 {[%emt 0:00:02]} 9. Be2 {[%emt 0:00:04]} e6 {[%emt 0:00:05]} 10. h3 {[%emt 0:00:06]} Bh5 {[%emt 0:00:02]} 11. O-O {[%emt 0:00:02]} Be7 {[%emt 0:00:01]} 12. Ne4 {[%emt 0:00:33]} Qd8 {[%emt 0:00:11]} 13. Ng3 {[%emt 0:00:09]} Bg6 {[%emt 0:00:03]} 14. Qb3 {[%emt 0:00:33]} Rb8 {[%emt 0:00:21]} 15. Ne5 {[%emt 0:00:24]} O-O {[%emt 0:00:23]} 16. Nxc6 {[%emt 0:00:06]} bxc6 {[%emt 0:00:00]} 17. Qd1 {[%emt 0:00:05]} Nb4 {[%emt 0:00:20]} 18. Bf4 {[%emt 0:00:05]} Bd6 {[%emt 0:00:02]} 19. Bxd6 {[%emt 0:00:09]} Qxd6 {[%emt 0:00:00]} 20. Qa4 {[%emt 0:00:19]} Nc2 {[%emt 0:00:15]} 21. Rad1 {[%emt 0:00:10]} Rxb2 {[%emt 0:00:04]} 22. Qxa7 {[%emt 0:00:08]} Nb4 {[%emt 0:00:05]} 23. a3 {[%emt 0:00:06]} Nd5 {[%emt 0:00:02]} 24. Bf3 {[%emt 0:00:11]} Rfb8 {[%emt 0:00:17]} 25. Qc5 {[%emt 0:00:04]} Qxc5 {[%emt 0:00:06]} 26. dxc5 {[%emt 0:00:00]} Ra2 {[%emt 0:00:18]} 27. Ra1 {[%emt 0:00:02]} Rbb2 {[%emt 0:00:01]} 28. Be4 {[%emt 0:00:19]} Rxf2 {[%emt 0:00:27]} 29. Bxg6 {[%emt 0:00:03]} Rxg2+ {[%emt 0:00:03]} 30. Kh1 {[%emt 0:00:02]} Rh2+ {[%emt 0:00:01]} 31. Kg1 {[%emt 0:00:03]} Rag2# {[%emt 0:00:00] (Lag: Av=0.96s, max=2.0s)} 0-1

[Event "Is Bankasi Online Satranc Turn 17-18 YAS"]
[Site "T#646243Mustafa Kemal"]
[Date "2020.05.22"]
[Round "9"]
[White "Orhanerenkarab68"]
[Black "Canberkgiray40"]
[Result "1-0"]
[WhiteElo "1728"]
[BlackElo "1712"]
[Annotator "NA RC"]
[PlyCount "59"]
[EventDate "2020.05.22"]
[EventType "swiss (blitz)"]

1. e4 {[%emt 0:00:03]} e6 {[%emt 0:00:03]} 2. d4 {[%emt 0:00:05]} d5 {[%emt 0:00:01]} 3. Nc3 {[%emt 0:00:04]} Nf6 {[%emt 0:00:05]} 4. Bg5 {[%emt 0:00:04]} Be7 {[%emt 0:00:04]} 5. e5 {[%emt 0:00:04]} Nfd7 {[%emt 0:00:02]} 6. Bxe7 {[%emt 0:00:06]} Qxe7 {[%emt 0:00:03]} 7. f4 {[%emt 0:00:06]} a6 {[%emt 0:00:02]} 8. Qg4 {[%emt 0:00:06]} Kf8 {[%emt 0:00:04]} 9. O-O-O {[%emt 0:00:09]} c5 {[%emt 0:00:03]} 10. Nf3 {[%emt 0:00:06]} Nc6 {[%emt 0:00:03]} 11. Qh3 {[%emt 0:00:09]} cxd4 {[%emt 0:00:05]} 12. Nxd4 {[%emt 0:00:04]} Nxd4 {[%emt 0:00:02]} 13. Rxd4 {[%emt 0:00:04]} b5 {[%emt 0:00:09]} 14. a3 {[%emt 0:00:04]} Bb7 {[%emt 0:00:03]} 15. Be2 {[%emt 0:00:05]} Rc8 {[%emt 0:00:04]} 16. Rf1 {[%emt 0:00:06]} Qc5 {[%emt 0:00:15]} 17. Qe3 {[%emt 0:00:04]} g6 {[%emt 0:00:17]} 18. g4 {[%emt 0:00:04]} h5 {[%emt 0:00:15]} 19. f5 {[%emt 0:00:04]} gxf5 {[%emt 0:00:18]} 20. gxf5 {[%emt 0:00:03]} Ke7 {[%emt 0:00:16]} 21. Qg5+ {[%emt 0:00:05]} Ke8 {[%emt 0:00:11]} 22. fxe6 {[%emt 0:00:05]} fxe6 {[%emt 0:00:12]} 23. Qg7 {[%emt 0:00:06]} Rf8 {[%emt 0:00:26]} 24. Rxf8+ {[%emt 0:00:05]} Qxf8 {[%emt 0:00:05]} 25. Qg5 {[%emt 0:00:07]} Qe7 {[%emt 0:00:09]} 26. Qg8+ {[%emt 0:00:04]} Qf8 {[%emt 0:00:02]} 27. Qxe6+ {[%emt 0:00:05]} Qe7 {[%emt 0:00:05]} 28. Qg8+ {[%emt 0:00:07]} Nf8 {[%emt 0:00:04]} 29. Rf4 {[%emt 0:00:05]} Kd7 {[%emt 0:00:04]} 30. Rf7 {[%emt 0:00:05] Canberkgiray40 terk eder (Lag: Av=0.72s, max=1.4s)} 1-0

[Event "Is Bankasi Online Satranc Turn 17-18 YAS"]
[Site "T#646243Mustafa Kemal"]
[Date "2020.05.22"]
[Round "9"]
[White "emreerdal60"]
[Black "Alparslanisik80"]
[Result "0-1"]
[WhiteElo "1713"]
[BlackElo "1988"]
[Annotator "NA RC"]
[PlyCount "96"]
[EventDate "2020.05.22"]
[EventType "swiss (blitz)"]

1. e4 {[%emt 0:00:02]} c5 {[%emt 0:00:03]} 2. c3 {[%emt 0:00:01]} Nf6 {[%emt 0:00:03]} 3. e5 {[%emt 0:00:01]} Nd5 {[%emt 0:00:01]} 4. d4 {[%emt 0:00:01]} d6 {[%emt 0:00:03]} 5. exd6 {[%emt 0:00:02]} Qxd6 {[%emt 0:00:02]} 6. Nf3 {[%emt 0:00:01]} cxd4 {[%emt 0:00:02]} 7. cxd4 {[%emt 0:00:02]} Nc6 {[%emt 0:00:01]} 8. Nc3 {[%emt 0:00:01]} g6 {[%emt 0:00:03]} 9. Bc4 {[%emt 0:00:05]} Nb6 {[%emt 0:00:04]} 10. Bb3 {[%emt 0:00:05]} Bg7 {[%emt 0:00:02]} 11. Be3 {[%emt 0:00:02]} O-O {[%emt 0:00:04]} 12. O-O {[%emt 0:00:02]} Bg4 {[%emt 0:00:05]} 13. d5 {[%emt 0:00:10]} Ne5 {[%emt 0:00:08]} 14. Ne4 {[%emt 0:00:08]} Qd8 {[%emt 0:00:09]} 15. Ng3 {[%emt 0:00:21]} Bxf3 {[%emt 0:00:08]} 16. gxf3 {[%emt 0:00:01]} Nec4 {[%emt 0:00:05]} 17. Bxc4 {[%emt 0:00:14]} Nxc4 {[%emt 0:00:00]} 18. Rb1 {[%emt 0:00:09]} Nb6 {[%emt 0:00:05]} 19. Bxb6 {[%emt 0:00:04]} Qxb6 {[%emt 0:00:00]} 20. Qb3 {[%emt 0:00:10]} Qxb3 {[%emt 0:00:05]} 21. axb3 {[%emt 0:00:01]} Rfd8 {[%emt 0:00:01]} 22. Rfd1 {[%emt 0:00:02]} Rac8 {[%emt 0:00:02]} 23. Ne4 {[%emt 0:00:04]} Rd7 {[%emt 0:00:07]} 24. d6 {[%emt 0:00:22]} exd6 {[%emt 0:00:15]} 25. Rxd6 {[%emt 0:00:02]} Rdc7 {[%emt 0:00:07]} 26. Rbd1 {[%emt 0:00:05]} Bxb2 {[%emt 0:00:10]} 27. Rd7 {[%emt 0:00:06]} Kg7 {[%emt 0:00:14]} 28. Rd8 {[%emt 0:00:14]} Rxd8 {[%emt 0:00:12]} 29. Rxd8 {[%emt 0:00:02]} b5 {[%emt 0:00:04]} 30. Rb8 {[%emt 0:00:06]} a6 {[%emt 0:00:19]} 31. Rb6 {[%emt 0:00:05]} Ra7 {[%emt 0:00:04]} 32. Nd6 {[%emt 0:00:15]} Be5 {[%emt 0:00:14]} 33. Nc8 {[%emt 0:00:05]} Ra8 {[%emt 0:00:01]} 34. Ne7 {[%emt 0:00:02]} Bd4 {[%emt 0:00:07]} 35. Rb7 {[%emt 0:00:03]} Ra7 {[%emt 0:00:07]} 36. Rxa7 {[%emt 0:00:03]} Bxa7 {[%emt 0:00:00]} 37. Nd5 {[%emt 0:00:05]} Bb8 {[%emt 0:00:20]} 38. Nb4 {[%emt 0:00:14]} a5 {[%emt 0:00:05]} 39. Nc6 {[%emt 0:00:02]} Bc7 {[%emt 0:00:03]} 40. Kf1 {[%emt 0:00:02]} a4 {[%emt 0:00:03]} 41. bxa4 {[%emt 0:00:02]} bxa4 {[%emt 0:00:00]} 42. Ke2 {[%emt 0:00:02]} Bd6 {[%emt 0:00:05]} 43. Kd3 {[%emt 0:00:02]} a3 {[%emt 0:00:09]} 44. Kc2 {[%emt 0:00:05]} Kf6 {[%emt 0:00:02]} 45. Kb3 {[%emt 0:00:05]} Kf5 {[%emt 0:00:02]} 46. Nd4+ {[%emt 0:00:01]} Kf4 {[%emt 0:00:03]} 47. Nb5 {[%emt 0:00:02]} Bc5 {[%emt 0:00:03]} 48. Nxa3 {[%emt 0:00:03]} Bxa3 {[%emt 0:00:00]} 0-1

[Event "Is Bankasi Online Satranc Turn 17-18 YAS"]
[Site "T#646243Mustafa Kemal"]
[Date "2020.05.22"]
[Round "9"]
[White "ahmetburakgurs66"]
[Black "Ataberkturkmen48"]
[Result "0-1"]
[WhiteElo "1691"]
[BlackElo "1815"]
[Annotator "NA RC"]
[PlyCount "172"]
[EventDate "2020.05.22"]
[EventType "swiss (blitz)"]

1. d4 {[%emt 0:00:03]} Nf6 {[%emt 0:00:02]} 2. c4 {[%emt 0:00:01]} e6 {[%emt 0:00:01]} 3. Nc3 {[%emt 0:00:01]} Bb4 {[%emt 0:00:01]} 4. Bd2 {[%emt 0:00:01]} b6 {[%emt 0:00:01]} 5. a3 {[%emt 0:00:01]} Bxc3 {[%emt 0:00:01]} 6. Bxc3 {[%emt 0:00:00]} Bb7 {[%emt 0:00:00]} 7. f3 {[%emt 0:00:00]} d5 {[%emt 0:00:02]} 8. e3 {[%emt 0:00:01]} O-O {[%emt 0:00:01]} 9. Bd3 {[%emt 0:00:01]} Nbd7 {[%emt 0:00:01]} 10. cxd5 {[%emt 0:00:01]} exd5 {[%emt 0:00:02]} 11. Ne2 {[%emt 0:00:02]} Re8 {[%emt 0:00:02]} 12. Bd2 {[%emt 0:00:04]} c5 {[%emt 0:00:01]} 13. O-O {[%emt 0:00:02]} Qb8 {[%emt 0:00:04]} 14. dxc5 {[%emt 0:00:03]} bxc5 {[%emt 0:00:02]} 15. b4 {[%emt 0:00:03]} c4 {[%emt 0:00:01]} 16. Bc2 {[%emt 0:00:01]} Qd6 {[%emt 0:00:02]} 17. Nd4 {[%emt 0:00:01]} Nf8 {[%emt 0:00:05]} 18. Re1 {[%emt 0:00:03]} Ne6 {[%emt 0:00:01]} 19. Bc3 {[%emt 0:00:04]} Rad8 {[%emt 0:00:06]} 20. Nf5 {[%emt 0:00:04]} Qb6 {[%emt 0:00:11]} 21. Bd4 {[%emt 0:00:04]} Nxd4 {[%emt 0:00:03]} 22. Nxd4 {[%emt 0:00:05]} a5 {[%emt 0:00:06]} 23. Ba4 {[%emt 0:00:07]} Re7 {[%emt 0:00:05]} 24. Nf5 {[%emt 0:00:03]} Rc7 {[%emt 0:00:03]} 25. Qd4 {[%emt 0:00:07]} Qe6 {[%emt 0:00:06]} 26. e4 {[%emt 0:00:05]} axb4 {[%emt 0:00:04]} 27. axb4 {[%emt 0:00:02]} Rb8 {[%emt 0:00:15]} 28. Ne3 {[%emt 0:00:15]} dxe4 {[%emt 0:00:03]} 29. fxe4 {[%emt 0:00:01]} Qxe4 {[%emt 0:00:01]} 30. Qxe4 {[%emt 0:00:01]} Bxe4 {[%emt 0:00:02]} 31. b5 {[%emt 0:00:02]} Bd3 {[%emt 0:00:06]} 32. Bc2 {[%emt 0:00:15]} g6 {[%emt 0:00:06]} 33. Bxd3 {[%emt 0:00:03]} cxd3 {[%emt 0:00:00]} 34. Red1 {[%emt 0:00:01]} Rd7 {[%emt 0:00:07]} 35. Ra3 {[%emt 0:00:06]} Rxb5 {[%emt 0:00:05]} 36. Raxd3 {[%emt 0:00:01]} Rxd3 {[%emt 0:00:06]} 37. Rxd3 {[%emt 0:00:00]} Rb2 {[%emt 0:00:02]} 38. Nd1 {[%emt 0:00:02]} Ra2 {[%emt 0:00:02]} 39. h3 {[%emt 0:00:01]} Kg7 {[%emt 0:00:01]} 40. Nf2 {[%emt 0:00:03]} h5 {[%emt 0:00:04]} 41. g4 {[%emt 0:00:04]} hxg4 {[%emt 0:00:08]} 42. hxg4 {[%emt 0:00:00]} Nh7 {[%emt 0:00:06]} 43. Kg2 {[%emt 0:00:03]} Ng5 {[%emt 0:00:02]} 44. Kg3 {[%emt 0:00:08]} Kf6 {[%emt 0:00:03]} 45. Rb3 {[%emt 0:00:04]} Ra5 {[%emt 0:00:15]} 46. Rb6+ {[%emt 0:00:03]} Ke5 {[%emt 0:00:13]} 47. Nd3+ {[%emt 0:00:06]} Kd4 {[%emt 0:00:04]} 48. Nf2 {[%emt 0:00:06]} Ra3+ {[%emt 0:00:04]} 49. Kg2 {[%emt 0:00:04]} Ke5 {[%emt 0:00:09]} 50. Rb5+ {[%emt 0:00:03]} Kf6 {[%emt 0:00:04]} 51. Rc5 {[%emt 0:00:06]} Ra2 {[%emt 0:00:04]} 52. Kg3 {[%emt 0:00:01]} Ra3+ {[%emt 0:00:15]} 53. Kg2 {[%emt 0:00:01]} Rb3 {[%emt 0:00:01]} 54. Ra5 {[%emt 0:00:03]} Ne6 {[%emt 0:00:09]} 55. Ne4+ {[%emt 0:00:03]} Kg7 {[%emt 0:00:02]} 56. Nd6 {[%emt 0:00:13]} Rd3 {[%emt 0:00:12]} 57. Ne8+ {[%emt 0:00:07]} Kf8 {[%emt 0:00:03]} 58. Nf6 {[%emt 0:00:03]} Ke7 {[%emt 0:00:01]} 59. Nd5+ {[%emt 0:00:03]} Kd6 {[%emt 0:00:03]} 60. Nb4 {[%emt 0:00:02]} Rd4 {[%emt 0:00:07]} 61. Nc2 {[%emt 0:00:09]} Rxg4+ {[%emt 0:00:01]} 62. Kf3 {[%emt 0:00:00]} Rf4+ {[%emt 0:00:02]} 63. Ke3 {[%emt 0:00:00]} Rh4 {[%emt 0:00:01]} 64. Ra6+ {[%emt 0:00:02]} Ke7 {[%emt 0:00:01]} 65. Ne1 {[%emt 0:00:02]} f5 {[%emt 0:00:03]} 66. Nf3 {[%emt 0:00:01]} Re4+ {[%emt 0:00:01]} 67. Kf2 {[%emt 0:00:03]} Kf6 {[%emt 0:00:02]} 68. Kg3 {[%emt 0:00:07]} Rb4 {[%emt 0:00:02]} 69. Nh4 {[%emt 0:00:11]} g5 {[%emt 0:00:09]} 70. Ng2 {[%emt 0:00:02]} Rb3+ {[%emt 0:00:02]} 71. Kf2 {[%emt 0:00:03]} f4 {[%emt 0:00:02]} 72. Ne1 {[%emt 0:00:03]} g4 {[%emt 0:00:03]} 73. Ra4 {[%emt 0:00:01]} Rb2+ {[%emt 0:00:02]} 74. Kf1 {[%emt 0:00:01]} Kf5 {[%emt 0:00:08]} 75. Ra5+ {[%emt 0:00:02]} Ke4 {[%emt 0:00:02]} 76. Ra4+ {[%emt 0:00:01]} Nd4 {[%emt 0:00:01]} 77. Ra3 {[%emt 0:00:05]} f3 {[%emt 0:00:01]} 78. Nd3 {[%emt 0:00:05]} Rd2 {[%emt 0:00:16]} 79. Nc5+ {[%emt 0:00:02]} Kf4 {[%emt 0:00:08]} 80. Nd3+ {[%emt 0:00:02]} Kg3 {[%emt 0:00:01]} 81. Ke1 {[%emt 0:00:01]} Re2+ {[%emt 0:00:09]} 82. Kf1 {[%emt 0:00:16]} Nc2 {[%emt 0:00:01]} 83. Nc1 {[%emt 0:00:15]} Ne3+ {[%emt 0:00:02]} 84. Kg1 {[%emt 0:00:00]} Rg2+ {[%emt 0:00:01]} 85. Kh1 {[%emt 0:00:02]} Rh2+ {[%emt 0:00:02]} 86. Kg1 {[%emt 0:00:01]} f2# {[%emt 0:00:01] (Lag: Av=0.55s, max=1.1s)} 0-1

[Event "Is Bankasi Online Satranc Turn 17-18 YAS"]
[Site "T#646243Mustafa Kemal"]
[Date "2020.05.22"]
[Round "9"]
[White "Hakansimsek70"]
[Black "Mustafaberkayb82"]
[Result "1/2-1/2"]
[WhiteElo "1679"]
[BlackElo "1651"]
[Annotator "NA RC"]
[PlyCount "127"]
[EventDate "2020.05.22"]
[EventType "swiss (blitz)"]

1. e4 {[%emt 0:00:04]} e5 {[%emt 0:00:01]} 2. Nf3 {[%emt 0:00:01]} Nc6 {[%emt 0:00:01]} 3. Bb5 {[%emt 0:00:02]} Nf6 {[%emt 0:00:02]} 4. d3 {[%emt 0:00:02]} a6 {[%emt 0:00:01]} 5. Ba4 {[%emt 0:00:06]} b5 {[%emt 0:00:02]} 6. Bb3 {[%emt 0:00:01]} d6 {[%emt 0:00:01]} 7. h3 {[%emt 0:00:04]} Bb7 {[%emt 0:00:04]} 8. O-O {[%emt 0:00:02]} Be7 {[%emt 0:00:02]} 9. c3 {[%emt 0:00:08]} h6 {[%emt 0:00:09]} 10. Re1 {[%emt 0:00:02]} O-O {[%emt 0:00:03]} 11. Nbd2 {[%emt 0:00:02]} d5 {[%emt 0:00:22]} 12. exd5 {[%emt 0:00:11]} Nxd5 {[%emt 0:00:02]} 13. Nxe5 {[%emt 0:00:11]} Re8 {[%emt 0:00:20]} 14. Ndf3 {[%emt 0:00:10]} Bd6 {[%emt 0:00:10]} 15. Bxd5 {[%emt 0:00:06]} Bxe5 {[%emt 0:00:09]} 16. Bxc6 {[%emt 0:00:17]} Bxc6 {[%emt 0:00:56]} 17. Nxe5 {[%emt 0:00:09]} Qe7 {[%emt 0:00:17]} 18. Nxc6 {[%emt 0:00:36]} Qxe1+ {[%emt 0:00:03]} 19. Qxe1 {[%emt 0:00:02]} Rxe1+ {[%emt 0:00:00]} 20. Kh2 {[%emt 0:00:02]} Rae8 {[%emt 0:00:28]} 21. b3 {[%emt 0:00:02]} R8e2 {[%emt 0:00:03]} 22. Kg3 {[%emt 0:00:16]} Rc2 {[%emt 0:00:08]} 23. Bb2 {[%emt 0:00:23]} Rxa1 {[%emt 0:00:03]} 24. Bxa1 {[%emt 0:00:00]} Rxa2 {[%emt 0:00:01]} 25. c4 {[%emt 0:00:15]} Rxa1 {[%emt 0:00:02]} 26. cxb5 {[%emt 0:00:15]} axb5 {[%emt 0:00:00]} 27. Nd4 {[%emt 0:00:01]} b4 {[%emt 0:00:16]} 28. Nc2 {[%emt 0:00:04]} Rd1 {[%emt 0:00:02]} 29. Nxb4 {[%emt 0:00:01]} c5 {[%emt 0:00:02]} 30. Na6 {[%emt 0:00:04]} Rxd3+ {[%emt 0:00:04]} 31. f3 {[%emt 0:00:05]} Rxb3 {[%emt 0:00:02]} 32. Nxc5 {[%emt 0:00:01]} Rc3 {[%emt 0:00:01]} 33. Ne4 {[%emt 0:00:01]} Rc1 {[%emt 0:00:02]} 34. Kf4 {[%emt 0:00:03]} g6 {[%emt 0:00:01]} 35. g4 {[%emt 0:00:02]} Kg7 {[%emt 0:00:02]} 36. h4 {[%emt 0:00:04]} h5 {[%emt 0:00:01]} 37. Ng3 {[%emt 0:00:08]} hxg4 {[%emt 0:00:03]} 38. fxg4 {[%emt 0:00:04]} Rc4+ {[%emt 0:00:03]} 39. Kf3 {[%emt 0:00:05]} f6 {[%emt 0:00:02]} 40. h5 {[%emt 0:00:01]} gxh5 {[%emt 0:00:02]} 41. Nxh5+ {[%emt 0:00:01]} Kf7 {[%emt 0:00:06]} 42. Kg3 {[%emt 0:00:03]} Rc3+ {[%emt 0:00:01]} 43. Kf4 {[%emt 0:00:02]} Rc4+ {[%emt 0:00:02]} 44. Kf5 {[%emt 0:00:03]} Rc5+ {[%emt 0:00:01]} 45. Kf4 {[%emt 0:00:01]} Rc4+ {[%emt 0:00:02]} 46. Kg3 {[%emt 0:00:01]} Rc3+ {[%emt 0:00:01]} 47. Kh4 {[%emt 0:00:01]} Rc1 {[%emt 0:00:01]} 48. Nf4 {[%emt 0:00:04]} Rh1+ {[%emt 0:00:02]} 49. Nh3 {[%emt 0:00:03]} Ke6 {[%emt 0:00:02]} 50. Kg3 {[%emt 0:00:01]} Rc1 {[%emt 0:00:02]} 51. Nf4+ {[%emt 0:00:01]} Kf7 {[%emt 0:00:03]} 52. Kh4 {[%emt 0:00:03]} Rh1+ {[%emt 0:00:02]} 53. Nh3 {[%emt 0:00:01]} Ke6 {[%emt 0:00:01]} 54. Kg3 {[%emt 0:00:02]} Ke5 {[%emt 0:00:02]} 55. Nf2 {[%emt 0:00:05]} Ra1 {[%emt 0:00:02]} 56. Nd3+ {[%emt 0:00:02]} Kd4 {[%emt 0:00:04]} 57. Nf4 {[%emt 0:00:02]} Ra3+ {[%emt 0:00:02]} 58. Kh4 {[%emt 0:00:01]} Ra1 {[%emt 0:00:02]} 59. Nh5 {[%emt 0:00:03]} Rh1+ {[%emt 0:00:02]} 60. Kg3 {[%emt 0:00:01]} f5 {[%emt 0:00:03]} 61. Nf6 {[%emt 0:00:05]} Rg1+ {[%emt 0:00:03]} 62. Kf4 {[%emt 0:00:02]} Rxg4+ {[%emt 0:00:03]} 63. Nxg4 {[%emt 0:00:01]} fxg4 {[%emt 0:00:01]} 64. Kxg4 {[%emt 0:00:01] (Lag: Av=0.52s, max=1.1s)} 1/2-1/2